"Pro a proti" bankovní unie z pohledu členských států
Diskusný dokument publikovaný Úradom vlády Českej republiky "Skúsenosti členských krajín EÚ s fungovaním bankovej únie", ktorý je podkladom pre ďalšiu diskusiu týkajúcu sa členstva v bankovej únii a vstupu ČR do eurozóny. Výhody, nevýhody, príležitosti a riziká pre ČR, plynúce z členstva v bankovej...
Salvato in:
| Autore principale: | |
|---|---|
| Natura: | Capitolo di libro |
| Lingua: | ceco |
| Soggetti: | |
| Tags: |
Nessun Tag, puoi essere il primo ad aggiungerne!!
|
MARC
| LEADER | 00000naa a2200000 4500 | ||
|---|---|---|---|
| 001 | 0216180 | ||
| 005 | 20221104110542.7 | ||
| 041 | 0 | |a cze | |
| 044 | |a CZ | ||
| 245 | 1 | 0 | |a "Pro a proti" bankovní unie z pohledu členských států |c Martina Sobková |
| 520 | |a Diskusný dokument publikovaný Úradom vlády Českej republiky "Skúsenosti členských krajín EÚ s fungovaním bankovej únie", ktorý je podkladom pre ďalšiu diskusiu týkajúcu sa členstva v bankovej únii a vstupu ČR do eurozóny. Výhody, nevýhody, príležitosti a riziká pre ČR, plynúce z členstva v bankovej únii. | ||
| 610 | 2 | 0 | |a únie menové |
| 610 | 2 | 0 | |a únie bankové |
| 610 | 2 | 0 | |a integrácia menová |
| 610 | 2 | 0 | |a eurozóna |
| 610 | 2 | 0 | |a banky medzinárodné |
| 610 | 2 | 0 | |a styk platobný medzinárodný |
| 610 | 2 | 0 | |a Česko |
| 610 | 2 | 0 | |a Európska únia |
| 100 | 1 | |a Sobková, Martina | |